Statistiken für Länder nach Satellitenbild #3

Klicken Sie hier um das Quiz zu spielen!

Allgemein

  • Dieses Quiz wurde 1,771 mal gespielt
  • Das Durchschnittsergebnis liegt bei 11 aus 16

Antwortstatistiken

Answer % Korrekt
Vereinigte Staaten
98%
Türkei
93%
Irland
92%
Neuseeland
89%
Philippinen
86%
Somalia
86%
Monaco
81%
Kroatien
68%
Katar
66%
Haiti
64%
Kasachstan
57%
Jamaika
55%
Kolumbien
42%
Pakistan
38%
Uruguay
27%
Dschibuti
22%

Verteilung der Resultate

Perzentil nach korrekt beantworteten Fragen

Anzahl Personen mit jedem Resultat

Ihre Resultats-Entwicklung

Sie haben dieses Quiz noch nicht gespielt